Využívanie ekonomických experimentov na analýzu pohnútok ekonomických subjektov

Alarmujúci vývoj v starnutí obyvateľstva vytvára tlak na vyrovnateľnosť a udržateľnosť verejných financií. Dôchodkové systémy predstavujú významný podiel na štátnych (resp. verejných) rozpočtoch. Z tohto dôvodu sa veľa pozornosti venuje analýze fiškálnej rovnováhy a udržateľnosti. Ekonomické experim...

Celý popis

Uložené v:
Podrobná bibliografia
Hlavný autor: Péliová, Jana, 1976-
Médium: Kapitola
Jazyk:Slovak
Predmet:
Tagy: Pridať tag
Žiadne tagy, Buďte prvý, kto otaguje tento záznam!

MARC

LEADER 00000nla$a2200000$$$4500
001 0147241
005 20240502072647.6
041 0 |a slo 
044 |a SK 
245 1 0 |a Využívanie ekonomických experimentov na analýzu pohnútok ekonomických subjektov  |c Jana Péliová 
520 |a Alarmujúci vývoj v starnutí obyvateľstva vytvára tlak na vyrovnateľnosť a udržateľnosť verejných financií. Dôchodkové systémy predstavujú významný podiel na štátnych (resp. verejných) rozpočtoch. Z tohto dôvodu sa veľa pozornosti venuje analýze fiškálnej rovnováhy a udržateľnosti. Ekonomické experimenty umožňujú empirické testovanie ekonomických teórií v kontrolovaných podmienkach (tzv.“wind tunnel”) uplatňovania hospodárskej politiky a sú efektívnou metódou využívanou pri vyučovaní ekonomických predmetov. 
610 2 0 |a ekonómia 
610 2 0 |a veda ekonomická 
610 2 0 |a experimenty 
610 2 0 |a systémy dôchodkové 
100 1 |a Péliová, Jana, 1976-